| 000 | 00779cam a22002653a 4500 | ||
|---|---|---|---|
| 001 | 14814 | ||
| 003 | PGUSA | ||
| 005 | 20140828083321.0 | ||
| 008 | 050127s2005||||xxu|||||s|||||000 1 eng d | ||
| 040 |
_aPGUSA _beng |
||
| 042 | _adc | ||
| 050 | 4 | _aPZ | |
| 100 | 1 |
_aPotter, Beatrix, _d1866-1943 |
|
| 245 | 1 | 4 |
_aThe Tale of Jemima Puddle-Duck _h[electronic resource] / _cBeatrix Potter |
| 260 |
_bProject Gutenberg, _c2005 |
||
| 506 | _aPublic domain in the USA. | ||
| 516 | _aElectronic text | ||
| 653 | _aDucks -- Juvenile fiction | ||
| 653 | _aDomestic animals -- Juvenile fiction | ||
| 653 | _aDogs -- Juvenile fiction | ||
| 653 | _aFoxes -- Juvenile fiction | ||
| 830 | 0 |
_aProject Gutenberg _v14814 |
|
| 856 | 4 | 0 | _uhttp://www.gutenberg.org/ebooks/14814 |
| 942 | _cEB | ||
| 999 |
_c244069 _d244069 |
||